Online Catalogue and eLibrary

The karmic theater : (Record no. 209)

MARC details
000 -LEADER
fixed length control field 00556cam a2200193 a 4500
001 - CONTROL NUMBER
control field 2805039
005 - DATE AND TIME OF LATEST TRANSACTION
control field 20240129050409.0
008 - FIXED-LENGTH DATA ELEMENTS--GENERAL INFORMATION
fixed length control field 820331s1982 maua b s001 0 eng
020 ## - INTERNATIONAL STANDARD BOOK NUMBER
ISBN 0870233742
040 ## - CATALOGING SOURCE (பட்டியலாக்க மூலம்)
Original cataloging agency DLC
Transcribing agency DLC
Modifying agency DLC
082 00 - DDC Classification
Class No. 306
DDC Edition Number 19
Item Number - Author Mark PER.
100 1# - MAIN ENTRY--PERSONAL NAME
Personal name Perinbanayagam, R. S.,
245 14 - TITLE STATEMENT
Title The karmic theater :
Remainder of title self, society, and astrology in Jaffna /
Statement of responsibility, etc. R.S. Perinbanayagam.
260 ## - PUBLICATION, DISTRIBUTION, ETC.
Place of publication, distribution, etc. Amherst :
Name of publisher, distributor, etc. University of Massachusetts Press,
Date of publication, distribution, etc. 1982.
300 ## - PHYSICAL DESCRIPTION
Extent (e.g. Volumes, Pages etc.) 212 p. :
500 ## - GENERAL NOTE
General note Includes index.
650 #0 - SUBJECT ADDED ENTRY--TOPICAL TERM
Topical term or geographic name entry element Hindu astrology
942 ## - Koha item type (Biblio)
Koha item type Books in Stacks (Lending)
Holdings
Lost status Damaged status Collection code Home library Current library Date acquired Full call number Accession Number Item type
    Lending WERC Library WERC Library 01/29/2024 306 PER. 4059 Books in Stacks (Lending)

© WERC Library